000 00532nam a2200193Ia 4500
005 20250317124555.0
008 008 250317s9999 xx 000 0 eng d
020 _a0-8264-4886-0
037 _aTextbook
040 _aFMSL
_beng
_cFMSL
041 _aeng
_2eng
084 _aX:8D P0
_qFMSL
100 _aFell L
_9735921
245 0 _aIntroduction to ficial products and markets
260 _aLondon
_bLondon, Continuum
_c2000
300 _aviii,229
942 _cTB
_hX:8D P0
999 _c1256062
_d1256062